000 00834nas a2200265 4500
001 BR0105043
003 BR-BrBNA
005 20231205102456.0
007 ta
008 230509b bl.|||p| |||| 00| 00por d
040 _aBR-BrBNA
_bpor
_cBiblioteca Nacional de Agricultura
041 _a(Pt)
072 _aN01; N20
100 1 _aFaggion, F.
100 1 _aDallmeyer, A.U.
100 1 _aRomano, L.N.
245 1 _aOtimizacao de uma arrancadora de batata com a aplicacao da engenharia e analise de valor num ambiente de engenharia simultanea
650 _aBatata
650 _aEngenharia Agricola
650 _aMaquina Agricola
650 _aColheita
773 0 _tEngenharia Agricola (Brazil)
_xISSN 0100-6916
_g(Jan 2001), v. 21(1) p. 43-50
_wBR0105043
909 _a202311
_bLúcia
_c55
_dLúcia Elande
942 _2AGRIS
_n0
_cANA
999 _c167761
_d167761